000 00502nam a22002051a 4500
001 3034
003 OSt
005 20260204211835.0
008 070424s2005||||mx ||||||b||||||||||spa||
020 _a9701049306
050 _a330 M52f
100 _aMendez Morales, José Silvestre
245 _aFundamentos de economía / José Silvestre Mendez Morales
250 _a4
264 _aMéxico: McGraw-Hill
300 _a348 p
500 _aIncluye indice
650 _aEconomíaÌ
942 _2ddc
_cBK
999 _c3034
_d3034